| 000 | 00000ngm 2200000zi 4500 |
| 001 | 9.940024 |
| 003 | CaOODSP |
| 005 | 20250403110813 |
| 006 | m o c f |
| 007 | cr cna|||||||| |
| 008 | 240628s2024 onc009 fo vafre d |
| 020 | |a9780660725833 |
| 040 | |aCaOODSP|bfre|erda|cCaOODSP |
| 043 | |an-cn--- |
| 086 | 1 |aCS892-00006/2024-2F-MP4 |
| 245 | 02|aL'importance des données désagrégées : |bintroduction (partie 2). |
| 264 | 1|a[Ottawa] : |bStatistique Canada = Statistics Canada, |c[2024] |
| 300 | |a1 ressource en ligne (1 fichier vidéo (9 min., 4 sec.)) : |bsonore, couleur |
| 336 | |aimage animée bidimensionnelle|btdi|2rdacontent/fre |
| 337 | |ainformatique|bc|2rdamedia/fre |
| 338 | |aressource en ligne|bcr|2rdacarrier/fre |
| 500 | |aPublié aussi en anglais sous le titre : The importance of disaggregated data: an introduction (part 2). |
| 500 | |aDisponible en streaming vidéo ou en fichier MP4 téléchargeable. |
| 520 | |a« Cette courte vidéo explique comment l'utilisation de données désagrégées peut aider les décideurs à élaborer des politiques plus précises et plus efficaces, puisqu'ils seront en mesure de cerner les besoins et les défis uniques des différents groupes démographiques » -- Fourni par l'éditeur. |
| 650 | 6|aStatistique|zCanada. |
| 655 | 7|aMatériel d'éducation et de formation|2rvmgf |
| 655 | 7|aVidéos sur Internet|2rvmgf |
| 710 | 2 |aStatistique Canada, |eorganisme de publication. |
| 775 | 08|tThe importance of disaggregated data : |w(CaOODSP)9.940023 |
| 856 | 40|qMP4|s27.41 Mo|uhttps://publications.gc.ca/collections/collection_2024/statcan/892000062024002-fra.mp4 |
| 856 | 4 |qHTML|sS.O.|uhttps://www.statcan.gc.ca/fr/afc/litteratie-donnees/catalogue/892000062024002 |